000 00641nam a22001937a 4500
005 20250903124018.0
008 250902b mx ||||| |||| 00| 0 spa d
050 0 4 _aP96.T42
_bR68 1984
100 1 _aRothschuh Villanueva, Guillermo
245 1 0 _aLas políticas nacionales y las nuevas tecnologías de comunicación
_c / Guillermo Rothschuh Villanueva
250 _a1a ed.
260 _aMéxico :
_bLa Brujula,
_c1984.
300 _a126 p. ;
_b16 cm.
650 7 _2lemb
_aComunicación
_xAspectos sociales
650 7 _2lemb
_aInnovaciones tecnológicas
650 7 _2lemb
_aPolítica de comunicación
651 _2
942 _2lcc
_cLIB
999 _c172162
_d172160